00473nam a2200193Ia 4500008004100000020001800041050001400059100001600073245001300089245002200102245001900124250001900143260003100162260003100193260000900224300001400233300002200247300001000269180207s9999 xx 000 0 und d a9780734400291 bG738 1994 aGraham, Bob aZoltan : bthe magneficent / cby Bob Graham. aFirst edition. aPort Melbourne, Victoria : bThomas C. Lothian Pty Ltd, c1994 aunpaged : bchiefly colored ; c25cm.